| 000 | 00980cam a2200181 4500 | ||
|---|---|---|---|
| 001 | WB3802-04 | ||
| 008 | 020116n2002 000 0 eng u | ||
| 035 | _a(Sirsi) u116311 | ||
| 245 | _aImprovements to BCIS | ||
| 260 | _c2002 | ||
| 490 |
_aRICS News Service _v14 January 2002, (1) |
||
| 520 | _aBCIS has announced improvements to its Quarterly Review of Building Prices, which now includes more building categories, such as leisure facilities and animal facilities. In addition, pricing adjustment factors for Key Performance Indicators are now included. Improvements to the BCIS Online service mean that more surveying students will now be able to access it. To find out more about BCIS Quarterly Review of Building Prices, and to take out a subscription, contact BCIS: T: +44 (0)20 7695 1500; E: [email protected] | ||
| 590 | _aWB | ||
| 650 | _aBUILT ENVIRONMENT-BUILDING COSTS | ||
| 650 | _aCOST INFORMATION | ||
| 690 | _aBUILT ENVIRONMENT-BUILDING COSTS | ||
| 942 | _n0 | ||
| 999 |
_c69287 _d69287 |
||